| 000 | 01081cam a2200289 i 4500 | ||
|---|---|---|---|
| 001 | 900332740 | ||
| 003 | OSt | ||
| 005 | 20170317110513.0 | ||
| 008 | 141222s2015 mau b 001 0 eng | ||
| 020 | _a9789004289918 (hardback : alk. paper) | ||
| 020 | _a9004289917 (hardback : alk. paper) | ||
| 020 | _z9789004289932 (e-book) | ||
| 040 |
_aDLC _beng _erda _cDLC _dYDX _dYDXCP _dBTCTA _dCDX _dYYP _dOCLCO _dOHX |
||
| 100 | 1 | _aVollandt, Ronny | |
| 245 | 1 | 0 |
_aArabic versions of the Pentateuch : _ba comparative study of Jewish, Christian, and Muslim sources / _cby Ronny Vollandt |
| 260 |
_aLeiden : _bBrill, _c2015. |
||
| 300 |
_axvi, 329 pages ; _c25 cm |
||
| 490 |
_aBiblia Arabica, _x2213-6401 ; _vvolume 2 |
||
| 504 | _aIncludes bibliographical references ( pages [281]-317) and index | ||
| 630 | 0 | 0 |
_aBible. _pPentateuch. _lArabic _xVersions |
| 630 | 0 | 0 |
_aBible. _pPentateuch _xCriticism, interpretation, etc |
| 630 | 0 | 0 |
_aBible. _pPentateuch _xTranslating |
| 630 | 0 | 0 |
_aBible. _pPentateuch |
| 650 | 0 | _aManuscripts, Arabic | |
| 830 | 0 |
_aBiblia Arabica ; _vv. 2 |
|
| 942 |
_2lcc _cBK |
||
| 999 |
_c40445 _d40445 |
||